000 00774 a2200217 4500
999 _c4192
_d4192
020 _a0335192750 :
020 _a0335192742 (pbk.) :
050 0 0 _aLC191.8.SMI 1994
100 1 _aSmith, Mark,
_d1950 June 25-
245 1 0 _aLocal education :
_bcommunity, conversation, praxis /
_cMark K. Smith.
264 _aNew York:
_bOpen University Press,
_cc1994
300 _avii, 192 p. :
500 _aincludes index
504 _aIncludes bibliographical references (p. [168]-185) and index.
650 0 _aEducation
_xSocial aspects
650 0 _aNon-formal education
650 0 _aPopular education
650 0 _aCommunity and school
942 _2lcc
_cBK
_h191.8
_iSMI
_kLC